[Event "Pfalz op-B 8th"]
[Site "Neustadt an der Weinstrasse"]
[Date "2017.02.27"]
[Round "6"]
[White "Sewarte, Peter"]
[Black "Baeumer, Frank"]
[Result "1/2-1/2"]
[WhiteElo "1819"]
[BlackElo "1922"]
[PlyCount "53"]
[EventDate "2017.02.24"]
[EventType "swiss"]
[EventRounds "7"]
[EventCountry "GER"]
[SourceTitle "CBM 177 Extra"]
[Source "ChessBase"]
[SourceDate "2017.04.27"]
[SourceVersion "1"]
[SourceVersionDate "2017.04.27"]
[SourceQuality "1"]

1. d4 Nf6 2. c4 g6 3. Nf3 Bg7 4. g3 0-0 5. Bg2 d6 6. 0-0 Nc6 7. Nc3 Rb8 8. e4 a6 9. Qe2 Bg4 10. Be3 Nd7 11. Qd2 Na5 12. b3 c5 13. h3 Bxf3 14. Bxf3 b5 15. cxb5 axb5 16. Rad1 b4 17. Nd5 e6 18. Nf4 cxd4 19. Bxd4 e5 20. Nd5 exd4 21. Nxb4 Qb6 22. Nd5 Qa7 23. Be2 Nf6 24. Qxd4 Qxd4 25. Rxd4 Nxd5 26. Rxd5 Nb7 27. Rfd1 1/2-1/2